1987 1369 1316 1946 1216 1319 1450 1100 1146 1558 1428 1692 1537 1963 1516 1462 1950 1042 1227 1450 1031 1908 1842 1121 1511 1025 1894 1621 1747 1347 1522 1765 1640 1739 1794 1311 1958 1306 1226 1787 1107 1677 1530 1431 1881 1540 1587 1876 1111 1094 1803 1731 1624 1560 1464 1589 1159 1573 1564 1967 1782 1848 1811 1597 1337 1827 1097 1901 1594 1573 1809 1631 1427 1657 1207 1435 1129 1358 1005 1862 1648 1482 1246 1467 1845 1900 1201 1621 1733 1620 1902 1930 1337 1972 1243 1685 1521 1636 1551 BCNSPRNW ULIB Ver.6.0+V

เปลี่ยนเป็นภาษาไทย

Change to English
 แสดงรายละเอียดบรรณานุกรม
  กลับหน้าหลัก

Brief Record : Get Marc (ISO 2709) : E-mail record : QR code < ปิดหน้าต่าง
LEADER : 00000nam 2200000uu 4500
001    13399123128
003     ULIB
008    140321s2549||||th 000 0 tha d
060 04 ^aWY152^bศ471ก
100 0  ^aศิริมา วงศ์แหลมทอง
245 10 ^aการพยาบาลผู้สูงอายุ /^cศิริมา วงศ์แหลมทอง
250    ^aพิมพ์ครั้งที่ 1
260    ^aนครสวรรค์ :^bวิทยาลัยพยาบาลบรมราชชนนี สวรรค์ประชารักษ์ นครสวรรค์,^c2549
300    ^a147 หน้า ;^c26 ซม.
650  7 ^aการพยาบาลผู้สูงอายุ
650  7 ^aผู้สูงอายุ^xการดูแล
710 2  ^aสถาบันพระบรมราชชนก. ^bวิทยาลัยพยาบาลบรมราชชนนี สวรรค์ประชารักษ์ นครสวรรค์
945    ^p0^l0^i24555
995    ^aทศพร
999    ^aทศพร เกษรทอง
รายการนี้ยังไม่มีแท็ก
คุณยังไม่ได้ล็อกอิน คุณสามารถมีกิจกรรมร่วมกับเว็บไซต์ได้ แต่ต้องล็อกอินก่อน ::
  ล็อกอิน

รายการสื่อสารสนเทศ

ลำดับที่ ประเภท เลขเรียก/บาร์โค้ด สถานที่ สถานะ
1. Book การพยาบาล
Book การพยาบาล
WY152 ศ471ก ฉ.1 
  Barcode: 24555
ห้องสมุดวิทยาเขตนครสวรรค์
►หนังสือทั่วไป:l:General Books
บนชั้น

รายการใกล้เคียง
    ผู้แต่ง [ศิริมา วงศ์แหลมทอง]

    หัวเรื่อง [การพยาบาลผู้สูงอายุ]
    หัวเรื่อง [ผู้สูงอายุ การดูแล]

BibComment


ยังไม่เคยถูกคอมเมนท์

คอมเมนท์ทรัพยากรรายการนี้
  คอมเมนท์: การพยาบาลผู้สูงอ..


 Copyright 2026. Bcnsprnw @Library